Twelve fantasies : for two bass viols and keyboard /

Bibliographic Details
Main Author: Coperario, John, approximately 1570-1626
Format: Musical Score Book
Language:No linguistic content
Published: Ottawa, Canada : Dove House Editions, 1979.
Series:Viola da gamba series ; no. 6.
Subjects:

MARC

Tag First Indicator Second Indicator Subfields
LEADER 00000ccm a2200000Ii 4500
001 in00002467172
005 20151110123415.0
008 800328s1979 xxczza ei n zxx d
029 1 |a AU@  |b 000004624919 
035 |a (OCoLC)ocm06138962 
035 |a (OCoLC)6138962 
040 |a UMK  |c UMK  |d OCL  |d OCLCG  |d TXA  |d UtOrBLW 
045 |a t9u2 
048 |a se02  |a kb01 
049 |a TXAM 
050 4 |a M313.C78  |b T94 1979 
100 1 |a Coperario, John,  |d approximately 1570-1626. 
240 1 0 |a Chamber music.  |k Selections 
245 1 0 |a Twelve fantasies :  |b for two bass viols and keyboard /  |c Giovanni Coperario ; edited by Donald Beecher & Bryan Gillingham. 
264 1 |a Ottawa, Canada :  |b Dove House Editions,  |c 1979. 
300 |a score (42 pages) and 2 parts ;  |c 28 cm. 
336 |a notated music  |b ntm  |2 rdacontent 
337 |a unmediated  |b n  |2 rdamedia 
338 |a volume  |b nc  |2 rdacarrier 
490 1 |a Viola da gamba series ;  |v no. 6 
500 |a Cover title. 
650 0 |a Trios (Organ, viols (2)) 
830 0 |a Viola da gamba series ;  |v no. 6. 
948 |a cataloged  |b h  |c 2009/6/9  |d c  |e bhartsfi  |f 8:53:48 am 
994 |a C0  |b TXA 
999 |a MARS 
999 f f |s 27962578-7191-3888-94fc-2719b058cbee  |i a35be4ab-cc5f-3427-9c61-9c24fb81c184  |t 0 
952 f f |p ric  |a Texas A&M University  |b Rellis Campus  |c Joint Library Facility  |d Remote Storage  |t 0  |e M313.C78 T94 1979  |h Library of Congress classification  |i unmediated -- volume  |m A14852530642 
998 f f |a M313.C78 T94 1979  |t 0  |l Remote Storage